| 000 | 00542nam a2200205 a 4500 | ||
|---|---|---|---|
| 005 | 20250605063849.0 | ||
| 008 | 080215s2007 es r 000 0 spa d | ||
| 020 | _a9788434453197 | ||
| 035 | _aUPN01000154220 | ||
| 049 | _aCG | ||
| 050 | 4 |
_aBD215 _bS2.8 |
|
| 100 | 1 |
_aSavater, Fernando, _d1947- |
|
| 245 | 1 | 3 |
_aLa vida eterna / _cFernando Savater. |
| 260 |
_aMadrid : _bAriel, _cc2007. |
||
| 300 | _a261 p. | ||
| 650 | 4 |
_aCreencia y duda _911296 |
|
| 650 | 4 |
_aVIDA FUTURA _916852 |
|
| 650 | 4 |
_aFilosofĂa moderna _98266 |
|
| 905 | _aLibro | ||
| 999 |
_c126337 _d126337 |
||